| 000 | 00404nam a2200169Ia 4500 | ||
|---|---|---|---|
| 008 | 230524s9999 xx 000 0 und d | ||
| 020 | _a9788188337712 | ||
| 082 |
_a658.4038 _bDAS |
||
| 100 |
_aRayguru A.K. Das _942007 |
||
| 245 | 0 | _aManagerial Computing | |
| 250 | _a1 | ||
| 260 |
_aBBSR _bNew Age Pub _c2010 |
||
| 300 | _a392p; | ||
| 500 | _aQuantity Number: 1 | ||
| 650 | _aComp-Sc | ||
| 942 | _cBK | ||
| 999 |
_c56420 _d56420 |
||